Caricamento...
Vedanakalude lokam /
| Autore principale: | |
|---|---|
| Natura: | Printed Book |
| Lingua: | Malayalam |
| Pubblicazione: |
G. Vivekanandhan ,
1968.
|
| Soggetti: |
| LEADER | 00511nam a2200157Ia 4500 | ||
|---|---|---|---|
| 008 | 150624b xxu||||| |||| 00| j mal d | ||
| 082 | |a 855.3V208 | ||
| 100 | |a Vivekanandan, G. | ||
| 245 | |c G. Vivekanandan |a Vedanakalude lokam / | ||
| 260 | |b G. Vivekanandhan , |c 1968. | ||
| 300 | |a 147 p. | ||
| 546 | |a In Malayalam. | ||
| 650 | |v Short stories | ||
| 942 | |c BK | ||
| 999 | |c 72438 |d 72438 | ||
| 952 | |0 1 |1 0 |4 0 |6 855_000000000000000_3V208_VED_M |7 0 |9 72384 |a UL |b UL |c ST1 |d 1998-08-28 |l 0 |o 855.3V208 VED M |p 6561 |r 2012-10-27 |w 2012-10-27 |y BK | ||